Statistiques concernant Petit Bac #21 - Communes Luxembourgeoises

Cliquez ici pour prendre le quiz!

Statistiques générales

  • Ce quiz a été pris 207 fois
    (148 depuis la dernière actualisation)
  • Le résultat moyen est 7 sur 19

Statistiques - réponses

1ère LettreCommune% Correct
LLuxembourg / Lorentzweiler / Lintgen / Leudelange / Larochette / Lac de la Haute-Sûre / Lenningen
91%
EEsch-sur-Alzette / Ettelbruck / Echternach / Esch-sur-Sûre / Erpeldange-sur-Sûre / Ell
67%
DDifferdange / Dudelange / Diekirch / Dippach / Dalheim
65%
SSanem / Schifflange / Strassen / Steinfort / Steinsel / Schengen / Schuttrange / Sandweiler / Schieren / Stadtbredimus / Saeul
49%
BBettembourg / Bertrange / Betzdorf / Bissen / Bettendorf / Beaufort / Beckerich / Berdorf / Biwer / Bous / Bourscheid / Boulaide / Bech
48%
RRoeser / Rumelange / Rambrouch / Remich / Rosport-Mompach / Redange-sur-Attert / Reckange-sur-Mess / Reisdorf
42%
MMamer / Mersch / Mondercange / Mondorf-les-Bains / Mertert / Mertzig / Manternach
40%
PPétange / Parc Hosingen / Préizerdaul / Putscheid
37%
WWalferdange / Wiltz / Wincrange / Wormeldange / Weiler-la-Tour / Weiswampach / Waldbillig / Winseler / Waldbredimus / Wahl
33%
CClervaux / Contern / Colmar-Berg / Consdorf
31%
HHesperange / Habscht / Helperknapp / Heffingen
29%
VVallée de l'Ernz / Vianden / Vichten
25%
KKäerjeng / Kayl / Kehlen / Kopstal / Koerich / Kiischpelt
23%
GGrevenmacher / Garnich / Goesdorf / Grosbous
22%
FFrisange / Feulen / Flaxweiler / Fischbach
21%
JJunglinster
17%
NNiederanven / Nommern
14%
UUseldange
14%
TTroisvierges / Tandel
11%

Distribution des résultats

Percentile par nombre de réponses

% des personnes avec chaque résultat

Votre développement - résultats

Vous n’avez pas pris ce quiz depuis la dernière actualisation